Conciencia, significado y relaciones dominantes /

Guardado en:
書目詳細資料
主要作者: Smith, Dorothy E.
格式: Texto
標簽: 添加標簽
沒有標簽, 成為第一個標記此記錄!

MARC

LEADER 00000 a a2200000 04500
001 18948
003
040
100 |a Smith, Dorothy E.  
245 |a Conciencia, significado y relaciones dominantes /  |c Dorothy E. Smith 
773 |g número 82 -83; páginas 303-320  
999 |c 34164  |d 34164